000
00322nam a22001337a 4500
008
171102b xxu||||| |||| 00| 0 eng d
020
_a
9781885693242
041
_a
eng
080
_a
339.138
100
_a
60
101
_a
MAR
245
_a
DEVELOPING SUCCESSFUL SPORTR MARKETING PLANS
_c
DAVID.K.S
942
_2
udc
_c
BK
999
_c
37313
_d
37313